[Event "Sunway Sitges Open 2017"]
[Site "Sitges ESP"]
[Date "2017.12.19"]
[Round "5.12"]
[White "Peralta, Fernando"]
[Black "Khademalsharieh, Sarasadat"]
[Result "1-0"]
[WhiteTitle "GM"]
[BlackTitle "IM"]
[WhiteElo "2556"]
[BlackElo "2406"]
[WhiteFideId "105309"]
[BlackFideId "12512214"]
[EventDate "2017.12.15"]

1. d4 Nf6 2. c4 e6 3. Nc3 Bb4 4. e3 d5 5. cxd5 exd5 6. Bd3 O-O 7. Ne2 Re8 8. O-O
Nbd7 9. Qb3 Bxc3 10. Qxc3 Nf8 11. f3 c6 12. Bd2 Bd7 13. Rac1 Qe7 14. Rfe1 Rad8
15. Ng3 Bc8 16. Qa5 b6 17. Qa4 Bd7 18. Nf5 Bxf5 19. Bxf5 c5 20. dxc5 bxc5 21.
Qa3 N8d7 22. b3 Qd6 23. Bc3 Ne5 24. Ba5 c4 25. Bb4 Qc6 26. Bc3 a6 27. Bd4 Rb8
28. Qb2 Qd6 29. f4 Ng6 30. Bxg6 Nd7 1-0

[Event "Sunway Sitges Open 2017"]
[Site "Sitges ESP"]
[Date "2017.12.19"]
[Round "5.13"]
[White "Das, Arghyadip"]
[Black "Vasquez Schroeder, Rodrigo"]
[Result "0-1"]
[WhiteTitle "IM"]
[BlackTitle "GM"]
[WhiteElo "2451"]
[BlackElo "2547"]
[WhiteFideId "5003610"]
[BlackFideId "3400042"]
[EventDate "2017.12.15"]

1. e4 e5 2. Nf3 Nc6 3. Bb5 a6 4. Bxc6 dxc6 5. O-O Qd6 6. Na3 Be6 7. Qe2 Ne7 8.
Nc4 Bxc4 9. Qxc4 c5 10. d3 Nc6 11. Bd2 Be7 12. a3 O-O 13. Rab1 a5 14. a4 Rad8
15. Be3 b6 16. Rbd1 Rd7 17. Nd2 Qg6 18. Qc3 Qe6 19. Nc4 Bf6 20. Qe1 g6 21. f4
exf4 22. Bxf4 Bg7 23. Kh1 f6 24. Qg3 Rff7 25. Rd2 f5 26. exf5 Rxf5 27. Rdf2 Nb4
28. h3 h5 29. b3 Kh7 30. Ne3 Rff7 31. Qg5 Rxf4 32. Qxf4 Bh6 33. Qe4 Qxe4 34.
dxe4 Bxe3 35. Rf7+ Rxf7 36. Rxf7+ Kg8 37. Rxc7 Nxc2 38. Rc6 Kf7 39. Rxb6 Nd4 40.
g4 hxg4 41. hxg4 g5 42. Kg2 Bd2 43. e5 Bb4 44. Rf6+ Ke7 45. Rg6 Nxb3 46. Rxg5 c4
47. Rg7+ Kd8 48. g5 c3 49. g6 c2 50. Rg8+ Kc7 51. g7 c1=Q 52. Rc8+ Kxc8 53.
g8=Q+ Kc7 54. Qxb3 Qd2+ 55. Kh1 Qe1+ 56. Kg2 Qe4+ 57. Kh3 Qxe5 58. Qf7+ Kd6 59.
Qf8+ Kd5 60. Qa8+ Kc4 61. Qc6+ Kb3 62. Qd7 Qc3+ 63. Kg4 Qc2 0-1

[Event "Sunway Sitges Open 2017"]
[Site "Sitges ESP"]
[Date "2017.12.19"]
[Round "5.14"]
[White "Santos Latasa, Jaime"]
[Black "Akshat, Khamparia"]
[Result "1/2-1/2"]
[WhiteTitle "IM"]
[BlackTitle "IM"]
[WhiteElo "2536"]
[BlackElo "2364"]
[WhiteFideId "2293307"]
[BlackFideId "5016541"]
[EventDate "2017.12.15"]

1. d4 f5 2. Nc3 d5 3. Bf4 Nf6 4. e3 e6 5. Nf3 Bd6 6. Nb5 O-O 7. Nxd6 cxd6 8. c3
Nc6 9. h3 Qe7 10. Bh2 e5 11. Be2 e4 12. Nd2 Be6 1/2-1/2

[Event "Sunway Sitges Open 2017"]
[Site "Sitges ESP"]
[Date "2017.12.19"]
[Round "5.15"]
[White "Yankelevich, Lev"]
[Black "Asis Gargatagli, Hipolito"]
[Result "1/2-1/2"]
[WhiteTitle "IM"]
[BlackTitle "IM"]
[WhiteElo "2435"]
[BlackElo "2531"]
[WhiteFideId "24684074"]
[BlackFideId "2260735"]
[EventDate "2017.12.15"]

1. e4 c5 2. Nf3 d6 3. Bb5+ Nd7 4. Ba4 Nf6 5. O-O a6 6. c4 g6 7. Nc3 Bg7 8. d3
O-O 9. Bf4 Ng4 10. Bxd7 Bxd7 11. h3 Nf6 12. Qd2 Nh5 13. Bh6 b5 14. Bxg7 Kxg7 15.
Nh2 e5 16. Ne2 Qf6 17. Ng4 Bxg4 18. hxg4 Nf4 19. g3 Nxe2+ 1/2-1/2

[Event "Sunway Sitges Open 2017"]
[Site "Sitges ESP"]
[Date "2017.12.19"]
[Round "5.17"]
[White "Santos Ruiz, Miguel"]
[Black "Larsen, Karsten"]
[Result "1-0"]
[WhiteTitle "IM"]
[BlackTitle "FM"]
[WhiteElo "2509"]
[BlackElo "2224"]
[WhiteFideId "22291482"]
[BlackFideId "1404288"]
[EventDate "2017.12.15"]

1. d4 d5 2. c4 e6 3. Nf3 Nf6 4. g3 Nc6 5. Bg2 dxc4 6. Qa4 Nd7 7. Qxc4 Nb6 8. Qb5
Bd7 9. Qb3 Bd6 10. O-O O-O 11. Nc3 a5 12. Ne4 a4 13. Qd1 a3 14. bxa3 Be7 15. Qc2
Ra4 16. Rd1 Qa8 17. Nc5 Rc4 18. Qd3 Bc8 19. Bf4 Nxd4 20. Nxd4 Rxc5 21. Nb3 Rc4
22. Nd2 Rc5 23. Be3 Ra5 24. Bxb6 Rxa3 25. Qb1 cxb6 26. Nc4 Bf6 27. Nxa3 Qxa3 28.
Qxb6 Bxa1 29. Rxa1 e5 30. Bd5 Qc3 31. Rb1 Qd2 32. e4 Bh3 33. Qxb7 Qe2 34. Qxf7+ 1-0

[Event "Sunway Sitges Open 2017"]
[Site "Sitges ESP"]
[Date "2017.12.19"]
[Round "5.18"]
[White "Chu, Ruotong"]
[Black "Stella, Andrea"]
[Result "1/2-1/2"]
[BlackTitle "GM"]
[WhiteElo "2166"]
[BlackElo "2505"]
[WhiteFideId "8605653"]
[BlackFideId "827061"]
[EventDate "2017.12.15"]

1. d4 Nf6 2. c4 g6 3. Nc3 d5 4. Bf4 Bg7 5. e3 O-O 6. Rc1 dxc4 7. Bxc4 Nbd7 8. d5
Nb6 9. Bb3 c5 10. dxc6 bxc6 11. Qxd8 Rxd8 12. Be5 c5 13. Na4 Nxa4 14. Bxa4 Bb7
15. Nf3 Ne4 16. Bxg7 Kxg7 17. Ne5 Rac8 18. Nc4 Ba6 19. f3 Nd6 20. Na5 Rc7 21.
Kf2 Rb8 22. b3 c4 23. bxc4 Rb4 24. Bd1 Rc5 25. Nb3 Rcxc4 26. Be2 Rxc1 27. Rxc1
Bc8 28. Rc2 Ra4 29. Nd4 Ra3 30. e4 e5 31. Nc6 Be6 32. Nxe5 Bxa2 33. Rc6 Ne8 34.
Ra6 Rxa6 35. Bxa6 Nc7 36. Bc4 f6 37. Bxa2 fxe5 38. Ke3 Kf6 39. g3 Nb5 40. f4 Nd6
41. h4 h6 42. Bd5 a5 43. Bc6 Nc4+ 44. Kd3 Nb6 45. Be8 g5 46. fxg5+ hxg5 47. h5
g4 48. h6 a4 49. Bh5 a3 50. Kc3 Nc4 51. Kb3 Nd2+ 52. Kxa3 Nxe4 53. Bxg4 Nxg3 54.
Bf3 Kg6 55. Kb2 Kxh6 56. Kc2 Kg5 57. Kd2 Kf4 58. Bb7 Ne4+ 59. Bxe4 Kxe4 60. Ke2
Kd4 61. Kd2 e4 62. Ke2 e3 63. Ke1 Ke5 64. Ke2 Kf4 65. Ke1 Ke4 66. Ke2 Kf4 67.
Ke1 Ke4 68. Ke2 Kf4 1/2-1/2

[Event "Sunway Sitges Open 2017"]
[Site "Sitges ESP"]
[Date "2017.12.19"]
[Round "5.19"]
[White "Matinian, Nikita"]
[Black "Ayats Llobera, Gerard"]
[Result "1/2-1/2"]
[WhiteTitle "GM"]
[BlackTitle "FM"]
[WhiteElo "2499"]
[BlackElo "2285"]
[WhiteFideId "24129100"]
[BlackFideId "32067607"]
[EventDate "2017.12.15"]

1. e4 c5 2. Nf3 e6 3. d4 cxd4 4. Nxd4 a6 5. Nc3 Qc7 6. Be3 Nf6 7. a3 d6 8. Be2
Nbd7 9. g4 h6 10. f4 g6 11. Qd2 b5 12. O-O-O Bb7 13. Rhe1 Nxe4 14. Nxe4 Bxe4 15.
Bf3 Nc5 16. Bxe4 Nxe4 17. Qg2 d5 18. f5 Qd7 19. fxe6 fxe6 20. Bf4 Bd6 21. Nxe6
Qxe6 22. Bxd6 O-O-O 23. Bc5 h5 24. Bd4 Rhf8 25. gxh5 gxh5 26. Rd3 Qg4 27. Qh3
Rg8 28. b3 Rdf8 29. Qxg4+ Rxg4 30. Be5 Kd7 31. Rxd5+ Ke6 32. Bd6 Kxd5 33. Bxf8
h4 34. Re3 Nf2 35. Be7 Rg1+ 36. Kd2 Ne4+ 37. Kd3 Rd1+ 38. Ke2 Rd2+ 39. Kf3 Rf2+
40. Kg4 Rxh2 41. Bxh4 Rxc2 42. Kf3 Rc3 1/2-1/2

[Event "Sunway Sitges Open 2017"]
[Site "Sitges ESP"]
[Date "2017.12.19"]
[Round "5.20"]
[White "Raghunandan, Kaumandur Srihari"]
[Black "Manolache, Marius"]
[Result "0-1"]
[WhiteTitle "IM"]
[BlackTitle "GM"]
[WhiteElo "2404"]
[BlackElo "2495"]
[WhiteFideId "25004964"]
[BlackFideId "1201530"]
[EventDate "2017.12.15"]

1. d4 Nf6 2. c4 c5 3. d5 g6 4. Nc3 Bg7 5. e4 d6 6. Be2 O-O 7. Be3 e6 8. Nf3 Re8
9. Nd2 Nbd7 10. O-O a6 11. dxe6 Rxe6 12. f3 Re8 13. Nb3 Ne5 14. Qd2 Be6 15. Nd5
b5 16. cxb5 axb5 17. Nxf6+ Bxf6 18. Bxb5 Re7 19. f4 Nc4 20. Bxc4 Bxc4 21. e5
dxe5 22. Qxd8+ Rxd8 23. Rfd1 Rxd1+ 24. Rxd1 exf4 25. Bxc5 Re8 26. Bd6 g5 27. Ba3
Re2 28. Nc1 Bd4+ 29. Kh1 Rf2 30. h4 g4 31. Nb3 Be3 32. Be7 Bd5 0-1

[Event "Sunway Sitges Open 2017"]
[Site "Sitges ESP"]
[Date "2017.12.19"]
[Round "5.21"]
[White "Bologan, Victor"]
[Black "Pogorelov, Ruslan"]
[Result "1-0"]
[WhiteTitle "GM"]
[BlackTitle "GM"]
[WhiteElo "2607"]
[BlackElo "2344"]
[WhiteFideId "13900048"]
[BlackFideId "14100363"]
[EventDate "2017.12.15"]

1. e4 c6 2. d4 d5 3. e5 Bf5 4. Nf3 e6 5. Be2 Nd7 6. O-O Bg6 7. Nbd2 Nh6 8. Nb3
Nf5 9. a4 a6 10. a5 c5 11. c3 Rc8 12. Bf4 Be7 13. g4 Nh4 14. Nxh4 Bxh4 15. Nxc5
Nxc5 16. dxc5 Rxc5 17. Be3 Rc6 18. f4 Be4 19. Bf3 Be7 20. Bxe4 dxe4 21. Qxd8+
Bxd8 22. Ra4 f5 23. Rb4 Bxa5 24. Rxb7 O-O 25. Rd1 Bc7 26. gxf5 exf5 27. Rd7 Rg6+
28. Kf1 Bb8 29. e6 Re8 30. Re7 Rc8 31. Bd4 Bxf4 32. Rxg7+ Rxg7 33. Rxg7+ Kf8 34.
e7+ 1-0

[Event "Sunway Sitges Open 2017"]
[Site "Sitges ESP"]
[Date "2017.12.19"]
[Round "5.22"]
[White "Can, Emre"]
[Black "Lamorelle, Julien"]
[Result "1-0"]
[WhiteTitle "GM"]
[BlackTitle "FM"]
[WhiteElo "2605"]
[BlackElo "2320"]
[WhiteFideId "6302181"]
[BlackFideId "616010"]
[EventDate "2017.12.15"]

1. c4 c6 2. Nf3 d5 3. g3 Nf6 4. Bg2 Bf5 5. O-O e6 6. cxd5 exd5 7. d3 Be7 8. Qb3
Qb6 9. Qc2 Na6 10. Nc3 O-O 11. a3 Nc5 12. b4 Ne6 13. Nh4 Bg6 14. Nxg6 hxg6 15.
Rb1 a6 16. Bd2 Rfd8 17. e3 Qc7 18. Ne2 Qe5 19. h3 Qh5 20. g4 Qe5 21. Ng3 Qc7 22.
f4 Bd6 23. g5 Nh7 24. Ne2 Re8 25. h4 Rad8 26. Rf3 c5 27. Rff1 cxb4 28. Qxc7 Nxc7
29. axb4 Nf8 30. Nc3 Be7 31. d4 b5 32. Rfc1 Nfe6 33. Nd1 Rd6 34. h5 Na8 35. hxg6
fxg6 36. Ra1 Kf7 37. Nf2 Nec7 38. Nd3 Bd8 39. Ne5+ Kg8 40. Nc6 Ree6 41. Na5 Re8
42. Nb7 Rb6 43. Nc5 Rd6 44. Rc2 Nb6 45. Nxa6 Nc4 46. Nxc7 Bxc7 47. Kf2 Bb6 48.
Bc1 Kf7 49. Rca2 Rdd8 50. Bf3 Ke6 51. Ke2 Kd6 52. Kd3 Rh8 53. Rf2 Rh3 54. Bg2
Rg3 55. Raa2 Rh8 56. Rf3 Rg4 57. Raf2 Ra8 58. f5 gxf5 59. Rxf5 Ra1 60. Rxd5+ Ke6
61. Rxb5 Rxg2 62. Rxg2 Rxc1 63. Ra2 Kd7 64. Ra8 Kc6 65. Rf5 Nd6 66. Re5 Rd1+ 67.
Kc2 Rf1 68. Rg8 Rf7 69. Kd3 Rd7 70. g6 Bd8 71. e4 Kb6 72. Rd5 Kc7 73. e5 Nf5 74.
Rxd7+ Kxd7 75. Ke4 Ne7 76. Rxg7 Ke6 77. b5 Ba5 78. Rf7 1-0

[Event "Sunway Sitges Open 2017"]
[Site "Sitges ESP"]
[Date "2017.12.19"]
[Round "5.23"]
[White "Garcia Martin, Marta"]
[Black "Agrest, Evgenij"]
[Result "1/2-1/2"]
[WhiteTitle "FM"]
[BlackTitle "GM"]
[WhiteElo "2316"]
[BlackElo "2600"]
[WhiteFideId "32084030"]
[BlackFideId "1705024"]
[EventDate "2017.12.15"]

1. e4 c6 2. d4 d5 3. Nd2 dxe4 4. Nxe4 Nf6 5. Nxf6+ exf6 6. c3 Bd6 7. Bd3 O-O 8.
Ne2 Qc7 9. Qc2 h6 10. Be3 Re8 11. Ng3 Be6 12. O-O Nd7 13. Rad1 Nf8 14. Kh1 Rad8
15. Rfe1 Bg4 16. Rc1 a6 17. Ne4 Bf4 18. h3 Bc8 19. Qd2 Bxe3 20. Rxe3 f5 21. Nc5
b6 22. Rxe8 Rxe8 23. Nxa6 Bxa6 24. Bxa6 b5 25. c4 Qb6 26. cxb5 cxb5 27. Bc8 g6
28. d5 Rd8 29. b3 Qb8 30. Qc3 Rxd5 31. Qc7 Qxc7 32. Rxc7 b4 33. Rc4 Rd2 34. Rxb4
Rxa2 35. Kg1 Rb2 36. Ba6 Ne6 37. Bc4 Nc5 38. Rb5 Ne4 39. Rb8+ Kg7 40. Rb7 Nxf2
41. Rxf7+ Kh8 42. Rf8+ 1/2-1/2

[Event "Sunway Sitges Open 2017"]
[Site "Sitges ESP"]
[Date "2017.12.19"]
[Round "5.24"]
[White "Cruz, Filemon"]
[Black "Lopez Martinez, Josep Manuel"]
[Result "0-1"]
[WhiteTitle "IM"]
[BlackTitle "GM"]
[WhiteElo "2304"]
[BlackElo "2598"]
[WhiteFideId "3800296"]
[BlackFideId "2212943"]
[EventDate "2017.12.15"]

1. c4 e5 2. Nc3 Nf6 3. g3 Bb4 4. Bg2 O-O 5. d3 c6 6. Qb3 Bc5 7. e3 Re8 8. Nge2
Na6 9. O-O Bf8 10. d4 d6 11. a3 Nc7 12. d5 cxd5 13. cxd5 e4 14. h3 Re5 15. Rd1
h5 16. Rd4 Qe7 17. Bd2 Na6 18. Qc2 Bf5 19. b4 Rc8 20. Qb3 Nb8 21. Rc1 Nbd7 22.
a4 Nh7 23. Kh2 Ng5 24. Nf4 Nf6 25. Qd1 g6 26. Nb5 Rxc1 27. Bxc1 a6 28. Nc3 Qd7
29. Bb2 Bg7 30. Rc4 Re8 31. b5 Rc8 32. Qb3 Nf3+ 33. Bxf3 exf3 34. bxa6 bxa6 35.
Nd1 g5 36. Bxf6 Bxf6 37. Nxh5 Be5 38. Rxc8+ Qxc8 39. e4 Bxe4 40. Ne3 Bg6 41. Ng4
Bxh5 42. Nxe5 dxe5 43. Qe3 Bg6 44. Qxf3 Qc5 45. Qf6 Qxd5 46. Qxg5 Kg7 47. h4 f6
48. Qg4 Qd4 49. Qf3 Be4 50. Qe2 Bd5 51. Kh3 Qxa4 0-1

[Event "Sunway Sitges Open 2017"]
[Site "Sitges ESP"]
[Date "2017.12.19"]
[Round "5.25"]
[White "Gascon Del Nogal, Jose Rafael"]
[Black "Kucuksari, Kaan"]
[Result "1/2-1/2"]
[WhiteTitle "IM"]
[BlackTitle "FM"]
[WhiteElo "2479"]
[BlackElo "2290"]
[WhiteFideId "3902463"]
[BlackFideId "6380166"]
[EventDate "2017.12.15"]

1. Nf3 Nf6 2. c4 b6 3. g3 e6 4. Bg2 Bb7 5. d4 Be7 6. O-O O-O 7. d5 exd5 8. Nh4
c6 9. cxd5 Nxd5 10. Nf5 Nc7 11. e4 d5 12. exd5 Nxd5 13. Nc3 Nxc3 14. Qg4 Bf6 15.
bxc3 Bc8 16. Ba3 Bxf5 17. Qxf5 Qc8 18. Qf3 Rd8 19. Rad1 a5 20. Rd6 h6 21. Rxf6
gxf6 22. Qxf6 Re8 23. Qxh6 Qe6 24. Qh4 Ra7 25. c4 f6 26. Bb2 Rh7 27. Qxf6 Qxf6
28. Bxf6 Re2 29. a4 Rc2 30. Be4 Rxc4 31. Bxh7+ Kxh7 32. Bd8 Rb4 33. Rd1 Kg6 34.
Rd6+ Kf5 35. h4 Ke5 36. Rg6 Rxa4 37. h5 Nd7 38. h6 Nf8 39. Rf6 Nh7 40. Rf7 Rd4
41. Bc7+ 1/2-1/2

[Event "Sunway Sitges Open 2017"]
[Site "Sitges ESP"]
[Date "2017.12.19"]
[Round "5.26"]
[White "Santarius, Erik"]
[Black "Liu, Guanchu"]
[Result "0-1"]
[WhiteTitle "FM"]
[BlackTitle "IM"]
[WhiteElo "2299"]
[BlackElo "2462"]
[WhiteFideId "2025817"]
[BlackFideId "8603901"]
[EventDate "2017.12.15"]

1. e4 e6 2. d4 d5 3. Nd2 Nf6 4. e5 Nfd7 5. Bd3 c5 6. c3 b6 7. Ne2 Ba6 8. Bxa6
Nxa6 9. O-O Nc7 10. Nf4 c4 11. Qg4 b5 12. Nf3 g6 13. h4 h6 14. h5 g5 15. Ne2 Rg8
16. Qg3 a5 17. Nh2 f5 18. exf6 Nxf6 19. Ng4 Kd7 20. f4 Bd6 21. Nxh6 Rg7 22. Ng4
Nxh5 23. Qh3 Nxf4 24. Nxf4 gxf4 25. Bxf4 Qh8 26. Ne5+ Bxe5 27. Qxh8 Bxd4+ 28.
cxd4 Rxh8 29. Be5 Rhg8 30. Bxg7 Rxg7 31. Rf4 b4 32. Kf2 Nb5 33. g4 Kd6 34. Rg1
c3 35. b3 c2 36. Rc1 Rc7 37. Kg2 e5 38. Rf6+ Ke7 39. dxe5 d4 40. Kf3 Rc3+ 41.
Kf4 d3 42. Ke3 a4 43. Rf4 axb3 44. Rxb4 Na3 45. axb3 Nb1 46. Rh1 d2+ 47. Ke4
c1=Q 48. Rb7+ Rc7 49. Rh7+ Ke6 0-1

[Event "Sunway Sitges Open 2017"]
[Site "Sitges ESP"]
[Date "2017.12.19"]
[Round "5.27"]
[White "Sankalp, Gupta"]
[Black "Cernousek, Lukas"]
[Result "0-1"]
[BlackTitle "IM"]
[WhiteElo "2295"]
[BlackElo "2456"]
[WhiteFideId "5097010"]
[BlackFideId "311707"]
[EventDate "2017.12.15"]

1. e4 c6 2. d4 d5 3. Nd2 dxe4 4. Nxe4 Bf5 5. Ng3 Bg6 6. h4 h6 7. Nf3 Nd7 8. h5
Bh7 9. Bd3 Bxd3 10. Qxd3 e6 11. Bd2 Ngf6 12. O-O-O Be7 13. Qe2 O-O 14. Nf1 c5
15. g4 cxd4 16. g5 Nd5 17. gxh6 Qb6 18. Ne1 Bf6 19. hxg7 Rfc8 20. Nd3 Qc6 21.
Ne1 Nc5 22. Rh3 d3 23. Rxd3 Nxd3+ 24. Qxd3 Qb6 25. Qb3 Qxb3 26. axb3 Bxg7 27.
Nf3 a5 28. Kb1 a4 29. h6 axb3 30. cxb3 Bh8 31. Ng3 Ra6 32. Rg1 Kf8 33. Ne4 Rca8
34. Rg5 f5 35. Ng3 Ra2 36. Bc1 Nb4 0-1

[Event "Sunway Sitges Open 2017"]
[Site "Sitges ESP"]
[Date "2017.12.19"]
[Round "5.28"]
[White "Raja, Harshit"]
[Black "Mehar, Chinna Reddy C.H."]
[Result "1/2-1/2"]
[WhiteTitle "IM"]
[BlackTitle "FM"]
[WhiteElo "2420"]
[BlackElo "2287"]
[WhiteFideId "5089000"]
[BlackFideId "5027420"]
[EventDate "2017.12.15"]

1. e4 g6 2. d4 Bg7 3. Nc3 a6 4. Nf3 d6 5. Be2 b5 6. O-O Bb7 7. a4 b4 8. Nd5 a5
9. c3 e6 10. Nf4 Nf6 11. Bb5+ c6 12. Bd3 O-O 13. Re1 c5 14. Ng5 e5 15. dxe5 dxe5
16. Nd5 Nxd5 17. exd5 h6 18. Ne4 Qxd5 19. Bxh6 f5 20. Qe2 Kh8 21. Bxg7+ Kxg7 22.
f3 fxe4 23. Bxe4 Qf7 24. Bxb7 Qxb7 25. Qxe5+ Rf6 26. Qxc5 Nc6 27. Rad1 Qa7 28.
cxb4 axb4 29. Qxa7+ Rxa7 30. b3 Na5 31. Re4 Rb7 1/2-1/2

[Event "Sunway Sitges Open 2017"]
[Site "Sitges ESP"]
[Date "2017.12.19"]
[Round "5.29"]
[White "Dardha, Arben"]
[Black "Seyb, Alexander"]
[Result "1/2-1/2"]
[WhiteTitle "FM"]
[BlackTitle "IM"]
[WhiteElo "2279"]
[BlackElo "2411"]
[WhiteFideId "4700481"]
[BlackFideId "4699033"]
[EventDate "2017.12.15"]

1. e4 c5 2. Nf3 d6 3. Bb5+ Nd7 4. d4 cxd4 5. Qxd4 a6 6. Bxd7+ Bxd7 7. c4 b5 8.
e5 Rc8 9. Na3 f6 10. exd6 e5 11. Qd5 Qb6 12. cxb5 axb5 13. O-O Qxd6 14. Qe4 Ne7
15. Qe2 Qb8 16. Rd1 Nf5 17. b3 Rxc1 18. Raxc1 Bxa3 19. Rc3 Be6 20. Rc6 Kf7 21.
g4 Nd6 22. g5 Rc8 23. Ra6 Bc5 24. gxf6 gxf6 25. Nxe5+ fxe5 26. Qh5+ Ke7 27. Qg5+
Kf7 28. Qh5+ Ke7 29. Qg5+ Kf7 1/2-1/2

[Event "Sunway Sitges Open 2017"]
[Site "Sitges ESP"]
[Date "2017.12.19"]
[Round "5.30"]
[White "Kumar, Nikhil"]
[Black "Tania, Sachdev"]
[Result "1/2-1/2"]
[WhiteTitle "FM"]
[BlackTitle "IM"]
[WhiteElo "2271"]
[BlackElo "2400"]
[WhiteFideId "30909040"]
[BlackFideId "5007844"]
[EventDate "2017.12.15"]

1. d4 Nf6 2. Nf3 b6 3. e3 Bb7 4. Bd3 g6 5. O-O Bg7 6. c4 e6 7. Nc3 d6 8. e4 Nbd7
9. h3 O-O 10. Be3 c5 11. d5 a6 12. a4 Re8 13. Qd2 exd5 14. exd5 Ne5 15. Nxe5
Rxe5 16. Bg5 Re8 17. Rae1 Qc7 18. f4 h6 19. Bh4 Rxe1 20. Rxe1 Re8 21. Rxe8+ Nxe8
22. Ne4 Bd4+ 23. Kh1 f5 24. Nc3 Qd7 25. b3 Nc7 26. Kh2 Qe8 27. Qe1 Qxe1 28. Bxe1
Kf7 29. Ne2 Bf6 30. g4 Bc8 31. Kg3 a5 32. Kf3 Ne8 33. gxf5 Bxf5 34. Bxf5 gxf5
35. Ke3 Kg6 36. Kd3 Kh5 37. Ng3+ Kg6 38. Ne2 Kh5 39. Ng3+ Kg6 40. Ne2 1/2-1/2

[Event "Sunway Sitges Open 2017"]
[Site "Sitges ESP"]
[Date "2017.12.19"]
[Round "5.31"]
[White "Soham, Das"]
[Black "Munguntuul, Batkhuyag"]
[Result "1/2-1/2"]
[BlackTitle "IM"]
[WhiteElo "2263"]
[BlackElo "2397"]
[WhiteFideId "35026763"]
[BlackFideId "4900758"]
[EventDate "2017.12.15"]

1. e4 c5 2. Nf3 e6 3. d4 cxd4 4. Nxd4 Nc6 5. Nc3 Qc7 6. Be3 a6 7. Qd2 Nf6 8.
O-O-O Bb4 9. f3 O-O 10. g4 b5 11. g5 Nh5 12. a3 Be7 13. Nce2 Na5 14. Kb1 Nc4 15.
Qd3 Bb7 16. Bh3 Nxe3 17. Qxe3 Bd6 18. Bg4 Nf4 19. h4 Rac8 20. c3 Be5 21. h5 Rce8
22. Rdg1 Kh8 23. Qf2 d5 24. g6 h6 25. Nxf4 Bxf4 26. gxf7 Qxf7 27. Qe2 Qf6 28.
Re1 e5 29. Nf5 Bg5 30. Rd1 Rd8 31. Rhe1 Rfe8 32. Rd3 dxe4 33. fxe4 Rxd3 34. Qxd3
Rd8 35. Qf3 Rd2 36. Ka1 Qf7 37. Rd1 1/2-1/2

[Event "Sunway Sitges Open 2017"]
[Site "Sitges ESP"]
[Date "2017.12.19"]
[Round "5.32"]
[White "Ootes, Lars"]
[Black "Anand, Nadar"]
[Result "1-0"]
[WhiteTitle "IM"]
[BlackTitle "FM"]
[WhiteElo "2384"]
[BlackElo "2229"]
[WhiteFideId "1019708"]
[BlackFideId "25009141"]
[EventDate "2017.12.15"]

1. c4 Nf6 2. Nc3 g6 3. g3 Bg7 4. Bg2 O-O 5. e3 e5 6. Nge2 d6 7. O-O c6 8. d3 a5
9. b3 Re8 10. Ba3 Na6 11. Qd2 Nc7 12. Ne4 Bf8 13. N2c3 Nh5 14. c5 d5 15. Nd6
Bxd6 16. cxd6 Ne6 17. f4 exf4 18. gxf4 b5 19. f5 Neg7 20. fxg6 hxg6 21. Bc5 Ne6
22. Qf2 f5 23. e4 dxe4 24. dxe4 Nef4 25. Rad1 fxe4 26. Be3 Rf8 27. Qd2 Qg5 28.
Nxe4 Qg4 29. Bxf4 Nxf4 30. Qb2 Bd7 31. Ng3 Rae8 32. Bf3 Nh3+ 33. Kg2 Nf4+ 34.
Kh1 Qh3 35. Qc2 Re3 36. Rde1 Rfe8 37. Rxe3 Rxe3 38. Bxc6 Rxg3 39. Rxf4 Bf5 40.
Bd5+ Kh7 41. Qc7+ Kh6 42. Qd8 Rg1+ 43. Kxg1 Qe3+ 44. Rf2 Qe1+ 45. Kg2 Be4+ 46.
Bxe4 Qxe4+ 47. Kf1 Qb1+ 48. Ke2 Qe4+ 49. Kd1 Qd3+ 50. Kc1 Qc3+ 51. Rc2 Qa1+ 52.
Kd2 Qd4+ 53. Ke1 Qe3+ 54. Kd1 Qg1+ 55. Ke2 Qg2+ 56. Ke3 Qxc2 57. Qh4+ Kg7 58.
Qd4+ Kh7 59. d7 Qc1+ 60. Ke4 Qc6+ 61. Ke5 Qc7+ 62. Ke6 Qd8 63. Qf6 Qb6+ 64. Kf7 1-0

[Event "Sunway Sitges Open 2017"]
[Site "Sitges ESP"]
[Date "2017.12.19"]
[Round "5.33"]
[White "Zherebtsova, Alexandra"]
[Black "Sai Agni Jeevitesh, J"]
[Result "0-1"]
[WhiteTitle "WFM"]
[BlackTitle "FM"]
[WhiteElo "2243"]
[BlackElo "2384"]
[WhiteFideId "24129518"]
[BlackFideId "5070147"]
[EventDate "2017.12.15"]

1. d4 e6 2. Nf3 b6 3. e4 Bb7 4. Bd3 c5 5. c3 Nf6 6. Qe2 Be7 7. O-O Nc6 8. a3 d6
9. h3 e5 10. dxe5 dxe5 11. Nbd2 O-O 12. Rd1 Qc7 13. b4 Rad8 14. b5 Na5 15. c4
Nh5 16. Qe3 Nf4 17. Bf1 Ne6 18. Bb2 Nd4 19. Rac1 Bf6 20. Nh2 Qe7 21. Ng4 Bg5 22.
Qe1 Bxd2 23. Rxd2 Nab3 24. Rcd1 Nxd2 25. Rxd2 h5 26. Nh2 Qg5 27. Bc3 Qf4 28. Bd3
Rd6 29. Bb1 Rfd8 30. Nf1 Nb3 31. Rxd6 Rxd6 32. f3 Rg6 33. Kh1 Nd4 34. Qe3 Qf6
35. Bd2 Bc8 36. Kh2 Ne6 37. Qf2 Nf4 38. Ne3 Be6 39. Qf1 Qg5 40. Qf2 Qe7 41. Qf1
Qd7 42. Bc3 Nxg2 0-1

[Event "Sunway Sitges Open 2017"]
[Site "Sitges ESP"]
[Date "2017.12.20"]
[Round "6.1"]
[White "Melkumyan, Hrant"]
[Black "Liang, Awonder"]
[Result "1/2-1/2"]
[WhiteTitle "GM"]
[BlackTitle "GM"]
[WhiteElo "2633"]
[BlackElo "2573"]
[WhiteFideId "13302485"]
[BlackFideId "2056437"]
[EventDate "2017.12.15"]

1. d4 Nf6 2. Nf3 e6 3. g3 b6 4. Bg2 Bb7 5. c4 Be7 6. O-O O-O 7. Re1 a5 8. Nc3
Ne4 9. Bd2 d6 10. Qc2 Nxd2 11. Nxd2 c6 12. a3 Bf6 13. e3 Nd7 14. b4 Qc7 15. Nb3
axb4 16. axb4 d5 17. c5 bxc5 18. bxc5 e5 19. Bf1 exd4 20. exd4 Rfb8 21. Bd3 Nf8
22. Ne2 Rxa1 23. Rxa1 Bc8 24. Nd2 Bg4 25. f3 Bc8 26. Kf2 g6 27. Ra4 Ne6 28. Nf1
Kg7 29. f4 Qb7 30. Ne3 Qb2 31. Qxb2 Rxb2 32. Nc2 Nd8 33. Ke3 Bg4 34. Rb4 Rxb4
35. Nxb4 Kf8 36. Nc3 Ke8 37. Bc2 Bd7 38. Ba4 Bg7 39. Ne2 h5 40. h4 f6 41. Nc1
Bh6 42. Nb3 g5 43. Na5 gxf4+ 44. gxf4 Ne6 45. Nd3 Ng7 46. Bxc6 Nf5+ 47. Kd2 Bxc6
48. Nxc6 Kd7 49. Ncb4 Nxd4 50. Nxd5 Ke6 51. Ne3 Nf3+ 52. Kc3 Nxh4 53. Kc4 Bf8
54. f5+ Nxf5 55. Nf4+ Ke5 56. Nxf5 Bxc5 57. Nxh5 Kxf5 58. Nxf6 Kxf6 59. Kxc5 1/2-1/2